WEATHER AND SEASONS - Statistiques

Statistiques générales
  • Ce quiz a été pris 9 fois
  • Le résultat moyen est 33 sur 76
Statistiques - réponses
Anglais Français % Correct
autumn (GB) automne
100%
fall (US) automne
100%
sky ciel
100%
climate climat
100%
summer été
100%
winter hiver
100%
spring printemps
100%
weather temps
89%
cloud nuage
78%
sun soleil
78%
rainbow arc-en-ciel
67%
snowball boule de neige
67%
shine (to) briller
67%
fog brouillard
67%
warm (adj) chaud
67%
sunny (adj) ensoleillé
67%
wet (adj) mouillé, pluvieux
67%
cloudy (adj) nuageux
67%
shade ombre
67%
shadow ombre
67%
wind vent
67%
snowman bonhomme de neige
56%
bright (adj) brillant
56%
heat chaleur
56%
frost gelée, gel
56%
freeze (to) geler
56%
moist (adj) humide, moite
56%
clammy (adj) moite, humide, lourd
56%
snow (to) neiger
56%
rain (to) pleuvoir
56%
rainy (adj) pluvieux
56%
haze brume
44%
mist brume
44%
heat (to) chauffer
44%
mild (adj) doux
44%
flash/stroke of lightning éclair
44%
cool (adj) frais
44%
hurricane ouragan
44%
thunder tonnerre
44%
windy (adj) venteux
44%
fine (adj) beau
33%
scorching (adj) brûlant
33%
blazing (adj) brûlant, torride
33%
foggy (adj) brumeux
33%
misty (adj) brumeux
33%
icy (adj) glacial, glacé
33%
hail grêle
33%
(thunder)storm orage
33%
stormy (adj) orageux
33%
forecast prévision
33%
set (to) se coucher
33%
rise (to) se lever
33%
dull (adj) sombre, maussade
33%
blow (to) souffler
33%
shower averse
22%
break out (to) éclater
22%
flake flocon
22%
hail (to) grêler
22%
forecast (to) prévoir
22%
beam rayon
22%
dew rosée
22%
lift (to) soulever
22%
hot (adj) très chaud
22%
stuffy (adj) étouffant, suffocant
11%
hailstones grêlons
11%
scatter (to) (se) disperser
11%
smog smog
11%
scud (to) courir, filer
0%
thaw dégel
0%
thaw (to) fondre
0%
chilly (adj) froid (frisson)
0%
bleak (adj) froid (sinistre)
0%
gale grand vent, coup de vent
0%
hold off (to) ne pas tomber
0%
gust (of wind) rafale
0%
cloud (over) (to) (se) couvrir d'obscurité
0%
Aucun quiz correspondant
Distribution des résultats
% des personnes avec chaque résultat
Percentile par nombre de réponses
Votre historique - résultats
Vous n’avez pas pris ce quiz